000 00258nam a2200109Ia 4500
008 190216s9999||||xx |||||||||||||| ||und||
100 _aJyoti Agarwal
245 0 _a"Central Sales Tax Act,1956"
260 _bC Jamnadas & Co
_c1996
300 _a76p
942 _cBK
999 _c5628
_d5628